Decrecimiento económico por primera vez en décadas/
Guardado en:
| Autor Corporativo: | |
|---|---|
| Formato: | Texto |
| Lenguaje: | Spanish |
| Publicado: |
Guaatemala:
INFORPRESS:
1983
|
| Etiquetas: |
Agregar Etiqueta
Sin Etiquetas, Sea el primero en etiquetar este registro!
|
MARC
| LEADER | 00000 a a2200000 04500 | ||
|---|---|---|---|
| 001 | 25700 | ||
| 003 | cru CIDCACS/IIS | ||
| 005 | 20240705215016.0 | ||
| 008 | 211202b bh ||||| |||| 00| 0 spa d | ||
| 020 | |a [sin ISBN] | ||
| 040 | |a cru CIDCACS/ IIS |b español |c cru CIDCACS/ IIS | ||
| 090 | |a 05.01.01 I43b | ||
| 110 | |a INFORPRESS. Centroamericana | ||
| 245 | |a Decrecimiento económico por primera vez en décadas/ |c Inforpress Centroamericana | ||
| 246 | 1 | 3 | |f Centroamérica 1983: Belice |
| 260 | |a Guaatemala: |b INFORPRESS: |c 1983 | ||
| 300 | |a 22 páginas | ||
| 500 | |a Colección Centroamérica | ||
| 650 | 0 | 7 | |0 TESAUROS |
| 773 | 0 | |g 22 páginas | |
| 852 | 1 | 1 | |a 05.01.01 I43b |
| 942 | |2 ddc |c LITG |h 05.01.01 I43b |i 12929 |k 05.01.01 |m I43b |6 050101_I43B_12929 | ||
| 999 | |c 9317 |d 9317 | ||
